| 000 | 00518nam a2200193Ia 4500 | ||
|---|---|---|---|
| 008 | 160418s9999 xx 000 0 und d | ||
| 020 | _a971-821-007-5 | ||
| 050 | _aFIL PL 6061 | ||
| 050 | _b.S56 2000 | ||
| 245 | _aSining ng pakikipagtalastasan : | ||
| 245 | _b(pandalubhasa) / | ||
| 245 | _cAlcomtiser P. Tumangan... [et al]. | ||
| 260 | _aValenzuela City: | ||
| 260 | _bMega-Jesta Prints, Inc. | ||
| 260 | _c2000 | ||
| 300 | _a228 pages : | ||
| 300 | _c23 cm. | ||
| 650 | _aFilipino language -- Rhetoric. | ||
| 999 |
_c293517 _d293517 |
||